| 000 | 00537nam a22001817a 4500 | ||
|---|---|---|---|
| 999 |
_c190199 _d190199 |
||
| 005 | 20220720124421.0 | ||
| 010 | _aENG-133508 | ||
| 020 |
_a9788174787062 _c80.00 |
||
| 035 | _aEN-117040 | ||
| 037 | _bDBAD/PUB | ||
| 082 | _a491.43 | ||
| 100 | _aSreedharan, N. | ||
| 245 |
_aLearn Hindi Through English/ _cN. Sreedharan |
||
| 260 |
_aChennai _bSura Books Pvt. Ltd _c2013 |
||
| 270 |
_a1620, 'j' Block 16th Main Road, Anna Nagar _bChennai _e600040 |
||
| 300 |
_axx, 188p. _c21cm(pbk) |
||
| 942 |
_2ddc _cEN _h491.43 _mSRE |
||